000 00396nam a22001697a 4500
003 OSt
005 20231121070804.0
008 170926b xxu||||| |||| 00| 0 eng d
020 _a978-93-5071-471-3
040 _cSEROSOFT
100 _aVASISHTH NEERU
245 _aPRINCIPLES OF MANAGEMENT
250 _a4TH
260 _aNEW DELHI
_bTAXMANN"S
_c2014
300 _a815
942 _2ddc
_c01
_e4TH
999 _c40703
_d40703